| 000 | nam a22 a 4500 | ||
|---|---|---|---|
| 999 |
_c1649 _d1649 |
||
| 003 | AKMAL | ||
| 005 | 20170511115049.0 | ||
| 008 | 170511t1997 my 00 may d | ||
| 020 |
_a9839236016 (kkt.): _cRM 35.00 |
||
| 040 |
_aBNM _cAKMAL |
||
| 082 | 0 | 4 | _a330.95 NAI |
| 090 | 0 | 0 |
_a330.95 _bNAI |
| 100 | 1 |
_aNaisbitt, John _92996 |
|
| 245 | 1 | 0 |
_aMegatrend Asia : _blapan megatrend Asia yang sedang membentuk semula dunia kita / _cJohn Naisbitt ; penyunting terjemahan Adibah Amin |
| 260 |
_aPetaling Jaya : _bPrentice-Hall , _c1997 |
||
| 300 | 0 | 0 |
_a288ms. ; _c23cm |
| 500 | _aMengandungi indeks | ||
| 500 | _aTerjemahan dari: Megatrends Asia oleh John Naisbitt.- Massachussetts, New York: Simon & Schuster, 1996 | ||
| 650 | 0 |
_aEconomic forecasting _zAsia _92997 |
|
| 650 | 0 |
_aSocial structure _zAsia _93359 |
|
| 651 | 0 |
_aAsia _xEconomic conditions _y1945- _92998 |
|
| 942 |
_2ddc _cBOOK |
||